000 00900nam a2200277Ia 4500
005 20260324142417.0
008 008 260324s9999 xx 000 0 eng d
020 _a9780203719503
037 _aEBOOK
040 _aCRL
040 _beng
040 _cCRL
041 _2eng
041 _aeng
084 _qCRL
100 _aW. L. Chameides; Hans Volland; Ken Bullough; A. C. Fraser-Smith; R. H. Holzworth; K. Horii; H. Kikuchi; T. Ogawa; R. E. Orville; D.E. Proctor; K. Rinnert; C.P.R. Saunders; D. D. Sentman; A.D. Spaulding; Frank Arnold; M. G. Lawrence; A.A. Viggiano; Earle Williams
_91211836
245 0 _aHandbook of Atmospheric Electrodynamics, Volume I
260 _bTaylor and Francis
260 _c1995
365 _a
365 _b760
856 _uhttp://www.taylorfrancis.com/books/9780203719503
942 _cEBOOK
999 _c1815999
_d1815999